000 00624nam a2200181 a 4500
001 000028340
005 20200930031544.0
008 110408s1995 dr 000 0 spa d
040 _aDO-SdBNP
_bspa
_cBNPHU
082 _axxxx
_bC334c
100 1 _aCasals Victoria, Pedro Manuel
_97723
245 1 3 _aLa crisis mexicana y de U. S. A. /
_cPedro Manuel Casals Victoria ; prólogo Leopoldo Espaillat Nanita.
260 _aSanto Domingo :
_bCorripio,
_c1995.
300 _a42 p. ;
_c23 cm.
500 _aIncluye datos sobre el autor en la última página
700 1 _aEspaillat Nanita, Leopoldo,
_epról.
_955318
049 _aBNPD
999 _c27832
_d27832